1821 1405 1405 1401 1700 1419 1210 1673 1006 1086 1447 1071 1191 1346 1749 1291 1992 1963 1983 1257 1221 1532 1657 1327 1085 1643 1194 1982 1393 1702 1205 1712 1690 1594 1039 1355 1528 1693 1093 1849 1434 1711 1205 1013 1020 1742 1708 1423 1128 1069 1870 1428 1311 1583 1140 1583 1923 1201 1987 1727 1930 1233 1922 1033 1674 1217 1527 1941 1766 1243 1956 1481 1120 1006 1898 1113 1201 1464 1002 1171 1601 1219 1033 1967 1684 1706 1035 1518 1869 1262 1258 1593 1722 1582 1555 1400 1141 1283 1780 BCNSPRNW ULIB Ver.6.0+V

เปลี่ยนเป็นภาษาไทย

Change to English
 แสดงรายละเอียดบรรณานุกรม
  กลับหน้าหลัก

Brief Record : Get Marc (ISO 2709) : E-mail record : QR code < ปิดหน้าต่าง
LEADER : 00000nam 2200000uu 4500
001    13399113335
003     ULIB
008    111104s2548||||th 000 0 tha d
020    9749701127
060 04 QW525^bก282พ 2548
100 0  กฤษณา จรรยาพูน
245 10 พื้นฐานการทดสอบทางวิทยาภูมิคุ้มกัน =^bBasic immunoassays /^cกฤษณา จรรยาพูน
246 31 Basic immunoassays
260    ปทุมธานี :^bแอปไซม์ เมดแล็บ,^c2548
300    175 หน้า :^bภาพประกอบสี ;^c29 ซม. +^eซีดี-รอม 1 แผ่น
650  2 Immunoassay
650  7 ภูมิคุ้มกัน, เทคนิคทาง
650  7 ภูมิคุ้มกันวิทยา
650  7 วิทยาภูมิคุ้มกัน
653    การทดสอบทางวิทยาภูมิคุ้มกัน
945    ^p250^l0^i24738
945    ^p250^l0^i24059
995    กัณชพร
999    ^aใช้งานได้ทุกระบบ
รายการนี้ยังไม่มีแท็ก
คุณยังไม่ได้ล็อกอิน คุณสามารถมีกิจกรรมร่วมกับเว็บไซต์ได้ แต่ต้องล็อกอินก่อน ::
  ล็อกอิน

รายการสื่อสารสนเทศ

ลำดับที่ ประเภท เลขเรียก/บาร์โค้ด สถานที่ สถานะ
- ไม่พบข้อมูล -

รายการใกล้เคียง
    หัวเรื่อง [ภูมิคุ้มกันวิทยา]
    หัวเรื่อง [วิทยาภูมิคุ้มกัน]

BibComment


ยังไม่เคยถูกคอมเมนท์

คอมเมนท์ทรัพยากรรายการนี้
  คอมเมนท์: พื้นฐานการทดสอบทา..


 Copyright 2026. Bcnsprnw @Library